AH International Schools' Libraries

Normal view MARC view
  • Rieger, Anja.

Entry Personal Name

Number of records used in: 1

001 - CONTROL NUMBER

  • control field: 39071

003 - CONTROL NUMBER IDENTIFIER

  • control field: OSt

005 - DATE AND TIME OF LATEST TRANSACTION

  • control field: 20111018141737.0

008 - FIXED-LENGTH DATA ELEMENTS

  • fixed length control field: 111018|||a|||||| | ||| d

040 ## - CATALOGING SOURCE

  • Original cataloging agency: OSt
  • Transcribing agency: OSt

100 ## - HEADING--PERSONAL NAME

  • Personal name: Rieger, Anja.

670 ## - SOURCE DATA FOUND

  • Source citation: Work cat.: (OSt)0: MacDonald, Alan, 1958- 32983, The gingerbread man :, c1999.

670 ## - SOURCE DATA FOUND

  • Source citation: Work cat.: (OSt)0: MacDonald, Alan, 1958- 32983, The gingerbread man :, c1999.

For any Logos Library related questions please contact Miss Art at swongnarasuk@asianhope.org.

For any Asian Hope Library related questions please contact Miss Raza at graza@asianhope.org.

Click here to explore our ebooks!

Powered by Koha